000 00568cam a22002053a 4500
001 45457
003 PGUSA
005 20140828084042.0
008 140422s2014||||xxu|||||s|||||000 | eng d
040 _aPGUSA
_beng
042 _adc
100 1 _aLavell, Edith
245 1 0 _aLinda Carlton's Island Adventure
_h[electronic resource] /
_cEdith Lavell
260 _bProject Gutenberg,
_c2014
506 _aPublic domain in the USA.
516 _aElectronic text
830 0 _aProject Gutenberg
_v45457
856 4 0 _uhttp://www.gutenberg.org/ebooks/45457
942 _cEB
999 _c274708
_d274708